Marvel Cinematic Universe Movies by Initials - Statistics

General Stats
  • This quiz has been taken 116 times
  • The average score is 25 of 33
Answer Stats
Initials Movie % Correct
IM2 Iron Man 2
92%
IM3 Iron Man 3
88%
IM Iron Man
87%
GOTG Guardians of the Galaxy
85%
T Thor
85%
BW Black Widow
83%
CATWS Captain America: The Winter Soldier
83%
BP Black Panther
82%
GOTGV2 Guardians of the Galaxy Vol. 2
82%
GOTGV3 Guardians of the Galaxy Vol. 3
82%
CACW Captain America: Civil War
81%
AAOU Avengers: Age of Ultron
79%
CATFA Captain America: The First Avenger
79%
CM Captain Marvel
79%
BPWF Black Panther: Wakanda Forever
77%
DS Doctor Strange
77%
SMNWH Spider-Man: No Way Home
76%
TR Thor: Ragnarok
76%
AM Ant-Man
75%
AMATW Ant-Man and the Wasp
75%
AE Avengers: Endgame
75%
E Eternals
75%
SMFFH Spider-Man: Far From Home
75%
SMH Spider-Man: Homecoming
75%
TTDW Thor: The Dark World
73%
AIW Avengers: Infinity War
71%
AMATWQ Ant-Man and the Wasp: Quantumania
70%
DSITMOM Doctor Strange in the Multiverse of Madness
69%
TA The Avengers
69%
TLAT Thor: Love and Thunder
68%
TIH The Incredible Hulk
61%
TM The Marvels
61%
SCATLOTTR Shang-Chi and the Legend of the Ten Rings
55%
No matching quizzes found
Score Distribution
Percent of People with Each Score
Percentile by Number Answered
Your Score History
You have not taken this quiz